000 00291nam a2200121Ia 4500
008 191201s2009 xx 000 0 und d
100 _aDWIVEDI, D.N.
245 0 _aManagerial Economics MBA-102 SEM-1
260 _aN. Delhi
_bVikas Pub
_c2009
300 _a300
650 _aMBA
942 _2ddc
_cBK
999 _c243
_d243